| 000 | 00475nam a22001337a 4500 | ||
|---|---|---|---|
| 008 | 160322b xxu||||| |||| 00| 0 eng d | ||
| 050 | _aP 90F313 | ||
| 100 |
_aFauconnier, Guido _923277 |
||
| 245 |
_aMass media and society _ban introduction to the scientific study of mass communication, Concepts-intentions-effects _c/ Guido Fauconnier |
||
| 260 |
_aKapellen _bLeuven University Press _c1975 |
||
| 300 |
_a222p. _c23cm. |
||
| 650 |
_aMass media _9536 |
||
| 942 |
_2lcc _cMONOGRAPH |
||
| 999 |
_c124464 _d124464 |
||